| 000 | 00482nam a2200157 4500 | ||
|---|---|---|---|
| 020 | _a0471732605 | ||
| 082 | 0 | 0 |
_a621.31921 _bROM _cL-10, P-42 |
| 100 | 1 |
_aRomanowitz, Harry Alex, _941461 |
|
| 245 | 1 | 0 |
_aIntroduction to electric circuits _c[by] H. Alex Romanowitz. |
| 260 |
_aNew York, _bWiley _c[1970, c1971] |
||
| 300 |
_axvi, 624 p. _billus. _c24 cm. |
||
| 526 |
_a0 _b0 _c0 _d621_319210000000000_ROM |
||
| 650 | 0 |
_aElectric circuits. _910997 |
|
| 650 | 0 |
_aMCE _9379 |
|
| 942 |
_2ddc _cBK |
||
| 999 |
_c545563 _d545563 |
||